000 00762nam a2200265 i 4500
001 C2-0334437
003 PPAK
005 20180728134246.0
008 151104s2015 my |||| ||||| | may d
022 _a978-983-46-1624-3
040 _aPPAK
_beng
_cPPAK
_erda
082 0 4 _a615.103
_223
090 0 0 _a615.103
_bKAM
_dR
245 0 0 _aKamus farmasi :
_bfarmakalogi
264 1 _aKuala Lumpur :
_bDewan Bahasa dan Pustaka ,
_c2015
300 _axvi, 111 pages ;
_c22 cm
336 _2rdacontent
_atext
337 _2rdamedia
_aunmediated
338 _2rdacarrier
_avolume
490 1 _aSiri kamus istilah MABBIM
500 _aIncludes bibliographical references page 111.
650 1 0 _aPharmacy
830 0 _aSiri kamus istilah MABBIM
942 _ddc
_cB
999 _c132926
_d132926